000 02198nam a2200277 i 4500
003 DO-SdBNP
005 20250528102319.0
007 ta
008 250528b2024 dr ||||| |||| 00| 0 spa d
020 _a9789945639391
040 _aDO-SdBNP
_bspa
_cBNPHU
_erda
041 _aspa
082 4 _axxx
_bM385a 2024
_222
100 1 _d1917-1976
_aMartínez Bonilla, Carmen Natalia,
_eautor
_4aut.
_987898
245 1 0 _aAlma adentro /
_cCarmen Natalia ; prólogo de Miguel D. Mena ; dirección general por Nurys del Carmen González ; dirección editorial por Miguelina Crespo ; consultora editorial Emilia Pereyra ; línea gráfica Ana Zadya Gerardino ; diseño de interiores y portada Julissa Ivor Medina ; diagramación Daniel Bisonó ; corrección por Vivian Jiménez
264 4 _aSanto Domingo :
_bInstituto Superior de Formación Docente Salomé Ureña (ISFODOSU),
_c©2024.
300 _a102 páginas :
_c23 cm.
490 0 _aColección clásicos Dominicanos
490 0 _aSerie III. Poesía
500 _aIncluye datos biográficos de la autora en la paginas 101-102
505 _aPresentación 9 -- Prólogo 11 -- El país de las hadas: Caperucita Roja 21 -- Caperucita Azul 23 -- Dulce Blanca Nieves 24 -- Plegaria 25 -- La Bella Durmiente 27 -- El Patito Feo 29 -- La hora azul: Mañanita clara 35 --- La siembra 37 -- Resurrección 39 -- Nochebuena 41 -- La mano que da 42 -- Mi risa 43 -- Invencible 45 -- Haz que florezcan mis manos 47 -- Tu palabra 49 -- La hora gris: No digas a nadie 55 -- Martirio 56 -- El ensueño roto 58 -- Deja que descanse 59 -- Corazón 61 -- Hoy soy ave cansada 62 -- Revelación 64 -- De regreso 65 -- Mi dolor en tus ojo 67 -- La dicha 68 -- La suprema ley 69 -- Quiero hallar el misterio 71 -- Persuasión 72 -- Las inciertas palabras 74 -- Pobre corazón mío 76 -- ¿Por qué? 77 -- Angustia 79 -- Girones de cielo: Aleluya 83 -- Mírame 85 -- Abuelo 87 -- Ojitos 89 -- El divino milagro 91 -- Fantasía 94 -- Arrullo 96 -- El sublime temor 97 -- Por el niño 99 -- Biografía de Carmen Natalia Martínez Bonilla 101
590 _aInventariado, 2025 /LP
700 1 _aMena, Miguel D.
_eprologuista
_4pr.
_929501
910 _aLP
942 _2ddc
_cLBS1
999 _c58517
_d58517